000
00258nam a2200097Ia 4500
008
230206s9999 xx 000 0 und d
041
_a
eng
100
_a
Murthy E N, Ed.
_9
119279
245
_a
Insurance Chronicle
260
_c
2010
_b
The ICFAI University
_a
Hyderabad
999
_c
97731
_d
97731